000 00347nam a22001457a 4500
003 OSt
005 20160727222405.0
008 160623b xxu||||| |||| 00| 0 eng d
040 _cTest
100 _9807
_aLovik, C.J
245 _aYou're Late for Church
260 _aMissouri
_b Concordia
_c1986
300 _aYou're Late for Church
942 _2ddc
_cBK
999 _c645
_d645